<?xml version="1.0" encoding="UTF-8"?>
<record
    xmlns:xsi="http://www.w3.org/2001/XMLSchema-instance"
    xsi:schemaLocation="http://www.loc.gov/MARC21/slim http://www.loc.gov/standards/marcxml/schema/MARC21slim.xsd"
    xmlns="http://www.loc.gov/MARC21/slim">

  <leader>00193nam a2200085   4500</leader>
  <controlfield tag="001">1258967</controlfield>
  <controlfield tag="005">20260408091220.0</controlfield>
  <datafield tag="245" ind1=" " ind2=" ">
    <subfield code="a">A&#x15E;KIN G&#xD6;ZYA&#x15E;LARI</subfield>
    <subfield code="c">S&#x130;NAN YA&#x11E;MUR</subfield>
  </datafield>
  <datafield tag="260" ind1=" " ind2=" ">
    <subfield code="b">KARATAY AKADEM&#x130;</subfield>
  </datafield>
  <datafield tag="999" ind1=" " ind2=" ">
    <subfield code="c">1258967</subfield>
    <subfield code="d">1258967</subfield>
  </datafield>
  <datafield tag="952" ind1=" " ind2=" ">
    <subfield code="0">0</subfield>
    <subfield code="1">0</subfield>
    <subfield code="2">ddc</subfield>
    <subfield code="4">0</subfield>
    <subfield code="7">0</subfield>
    <subfield code="a">1087</subfield>
    <subfield code="b">1087</subfield>
    <subfield code="d">2026-04-08</subfield>
    <subfield code="l">0</subfield>
    <subfield code="p">10875013</subfield>
    <subfield code="r">2026-04-08 09:12:24</subfield>
    <subfield code="w">2026-04-08</subfield>
    <subfield code="y">BK</subfield>
  </datafield>
</record>
